Satisfacción de las necesidades básicas de aprendizaje: una visión para el decenio de 1990. Documento de referencia
Gardado en:
| Autor Corporativo: | |
|---|---|
| Formato: | Procedimiento de la Conferencia Libro |
| Idioma: | Spanish |
| Publicado: |
New York, Estados Unidos
Comisión Interinstitucional de la Conferencia Mundial sobre Educación para Todos
1990
|
| Edición: | 1era. edición |
| Materias: | |
| Etiquetas: |
Engadir etiqueta
Sen Etiquetas, Sexa o primeiro en etiquetar este rexistro!
|
MARC
| LEADER | 00000nam a22000007a 4500 | ||
|---|---|---|---|
| 003 | cru CIDCACS/IIS | ||
| 005 | 20171118062528.0 | ||
| 008 | 171117b1990 us da||| |||| 00| 0 spa d | ||
| 999 | |c 40629 |d 40629 | ||
| 040 | |c cru CIDCACS/IIS | ||
| 090 | |a 06.03.04 S253s | ||
| 111 | 1 | |9 6049 |a Conferencia Mundial sobre la Educación para Todos. Satisfacción de las Necesidades Básicas de Aprendizaje |c Jomtien, Tailandia |d 5-9 marzo 1990 | |
| 245 | 1 | 0 | |a Satisfacción de las necesidades básicas de aprendizaje: |b una visión para el decenio de 1990. Documento de referencia |
| 250 | |a 1era. edición | ||
| 260 | |a New York, Estados Unidos |b Comisión Interinstitucional de la Conferencia Mundial sobre Educación para Todos |c 1990 | ||
| 300 | |a ix, 165 páginas | ||
| 500 | |a Colección Alforja | ||
| 650 | 1 | 0 | |9 4698 |a NECESIDADES BASICAS |
| 650 | 1 | 0 | |9 4560 |a APRENDIZAJE |
| 650 | 0 | |9 5306 |a DESARROLLO HUMANO | |
| 650 | 1 | 0 | |9 2542 |a EDUCACION BASICA |
| 650 | 4 | |9 2649 |a ESTRATEGIA DEL DESARROLLO | |
| 650 | 1 | 0 | |9 2105 |a INDICADORES SOCIALES |
| 650 | 1 | 0 | |9 3154 |a POLITICA EDUCATIVA |
| 650 | 1 | 0 | |9 3232 |a JOVENES |
| 650 | 1 | 0 | |9 4512 |a ADULTOS |
| 650 | 1 | 0 | |9 3531 |a PRIMERA INFANCIA |
| 650 | 1 | 0 | |9 5349 |a FINANCIAMIENTO |
| 942 | |2 ddc |c LI | ||
